000 00466nam a2200157Ia 4500
008 241217s9999||||xx |||||||||||||| ||und||
020 _a9781568846934
_c50.5
040 _beng
_cSSK Library
_erda
082 _a005.74/YOU
100 _a Margaret Levine Young & Rodney Lowe -
245 0 _aDummies 101: Access For Windows 95
260 _b Idg Books Worldwide, Inc.
_c©1996
942 _2Dewey Decimal Classification
_cBOOK
_nNo
999 _c25718
_d25718
003 OSt
005 20241217112956.0